000 00552nmm a2200193Ia 4500
008 251105s9999||||xx |||||||||||||||||und||
020 _a9788431538866
041 _aspa
100 _aOrlandi, Olga
245 0 _aLa buena cocina antialérgica
264 _a[Madrid, España] :
_bDe Vecchi,
_c[Fecha de publicación no identificada]
300 _a0 páginas
650 _aCooking
700 _aOrlandi, Olga
700 1 _a Zago, Fabio
700 1 _a Stucchi, Emanuela
856 _uhttps://public.digitaliapublishing.com/a/123566
942 _cCF
999 _c69544
_d69544